[Event "Mecklenburg VP VL 1213"]
[Site "Mecklenburg VP"]
[Date "2013.04.28"]
[Round "9.1"]
[White "Mehl, Ronald"]
[Black "Ruesch, Hans Joachim"]
[Result "1-0"]
[WhiteElo "2045"]
[BlackElo "2002"]
[PlyCount "77"]
[EventDate "2012.10.14"]
[EventType "team-tourn"]
[EventRounds "9"]
[EventCountry "GER"]
[SourceTitle "EXT 2022"]
[Source "ChessBase"]
[SourceDate "2021.10.06"]
[SourceVersion "1"]
[SourceVersionDate "2021.10.06"]
[SourceQuality "1"]
[WhiteTeam "Stralsund FHSG"]
[BlackTeam "Warnemuende SF Ostsee"]
[WhiteTeamCountry "GER"]
[BlackTeamCountry "GER"]

1. Nf3 g6 2. c4 Bg7 3. Nc3 Nf6 4. g3 d6 5. Bg2 0-0 6. 0-0 e5 7. d4 Nbd7 8. h3 Re8 9. dxe5 Nxe5 10. Nxe5 Rxe5 11. Be3 Re8 12. Qd2 c6 13. Rac1 Be6 14. b3 Qa5 15. Qxd6 Bf8 16. Qf4 Nh5 17. Qg5 f5 18. Qh4 f4 19. b4 Qxb4 20. Bxf4 h6 21. Be3 Be7 22. Qe4 Bf5 23. Qf3 Bf6 24. g4 Bxc3 25. gxf5 Bg7 26. fxg6 Nf6 27. Rb1 Qe7 28. Qf5 Red8 29. Rfd1 Rac8 30. Bf3 b6 31. Rd3 Rc7 32. Rbd1 Rxd3 33. Rxd3 c5 34. Bf4 Rd7 35. Rxd7 Qxd7 36. Bd5+ Kf8 37. Be6 Qd8 38. e4 Qd3 39. Bd5 1-0

[Event "Mecklenburg VP VL 1213"]
[Site "Mecklenburg VP"]
[Date "2012.10.14"]
[Round "1.1"]
[White "Schinke, Andreas"]
[Black "Mehl, Ronald"]
[Result "1-0"]
[WhiteElo "2035"]
[BlackElo "2045"]
[PlyCount "101"]
[EventDate "2012.10.14"]
[EventType "team-tourn"]
[EventRounds "9"]
[EventCountry "GER"]
[SourceTitle "EXT 2022"]
[Source "ChessBase"]
[SourceDate "2021.10.06"]
[SourceVersion "1"]
[SourceVersionDate "2021.10.06"]
[SourceQuality "1"]
[WhiteTeam "Grevesmuehlen Blau Weiss"]
[BlackTeam "Stralsund FHSG"]
[WhiteTeamCountry "GER"]
[BlackTeamCountry "GER"]

1. e4 c5 2. Nf3 e6 3. c3 Nf6 4. e5 Nd5 5. d4 cxd4 6. cxd4 Nc6 7. Nc3 d6 8. exd6 Nxc3 9. bxc3 Bxd6 10. Bd3 Qa5 11. Bd2 Qh5 12. h3 e5 13. Nxe5 Qxd1+ 14. Kxd1 Nxe5 15. dxe5 Bc5 16. Bb5+ Ke7 17. Bg5+ f6 18. exf6+ gxf6 19. Re1+ Kf7 20. Be3 Ba3 21. Bc4+ Kg7 22. Bd4 h5 23. Kc2 Bd7 24. Kb3 Bf8 25. a4 h4 26. Re4 Bf5 27. Rf4 Kg6 28. g4 hxg3 29. fxg3 Bd6 30. Rf3 Be5 31. Bxe5 fxe5 32. h4 Bg4 33. Re3 Rae8 34. Rae1 Rhf8 35. Rxe5 Rxe5 36. Rxe5 Bd1+ 37. Kb4 Rf3 38. Rg5+ Kf6 39. a5 b6 40. a6 Rf2 41. Kb5 Bf3 42. Bd3 Bd1 43. g4 Rg2 44. Rf5+ Kg7 45. g5 Rg4 46. Kc6 Rg3 47. Be4 Rxc3+ 48. Kb7 Re3 49. Rf4 Rxe4 50. Rxe4 Bf3 51. Kxa7 1-0

[Event "Mecklenburg VP VL 1112"]
[Site "Mecklenburg VP"]
[Date "2012.02.26"]
[Round "7.1"]
[White "Skibbe, Willi"]
[Black "Mehl, Ronald"]
[Result "0-1"]
[WhiteElo "2143"]
[BlackElo "2017"]
[PlyCount "54"]
[EventDate "2011.10.02"]
[EventType "team-tourn"]
[EventRounds "9"]
[EventCountry "GER"]
[SourceTitle "EXT 2022"]
[Source "ChessBase"]
[SourceDate "2021.10.06"]
[SourceVersion "1"]
[SourceVersionDate "2021.10.06"]
[SourceQuality "1"]
[WhiteTeam "Rostock SSC 07 II"]
[BlackTeam "Stralsund FHSG"]
[WhiteTeamCountry "GER"]
[BlackTeamCountry "GER"]

1. c4 Nf6 2. g3 e6 3. Bg2 d5 4. Nf3 Be7 5. 0-0 0-0 6. b3 b6 7. Bb2 Nbd7 8. Nc3 Bb7 9. e3 Ne4 10. cxd5 exd5 11. d3 Nxc3 12. Bxc3 Bf6 13. Qc2 c5 14. d4 Re8 15. Rfd1 Qe7 16. Rac1 Rac8 17. Qb2 Qe6 18. h4 Rc7 19. dxc5 bxc5 20. Ng5 Bxg5 21. hxg5 d4 22. Ba5 Bxg2 23. Bxc7 Bf3 24. Kf1 Qh3+ 25. Ke1 dxe3 26. fxe3 Qh1+ 27. Kd2 Qg2+ 0-1

[Event "Mecklenburg VP VL 1011"]
[Site "Mecklenburg VP"]
[Date "2011.01.16"]
[Round "5.1"]
[White "Mehl, Ronald"]
[Black "Zentgraf, Robert"]
[Result "0-1"]
[WhiteElo "2032"]
[BlackElo "2053"]
[PlyCount "70"]
[EventDate "2010.10.10"]
[EventType "team-tourn"]
[EventRounds "9"]
[EventCountry "GER"]
[SourceTitle "EXT 2022"]
[Source "ChessBase"]
[SourceDate "2021.10.06"]
[SourceVersion "1"]
[SourceVersionDate "2021.10.06"]
[SourceQuality "1"]
[WhiteTeam "Stralsund FHSG"]
[BlackTeam "Torgelow Droegeheide"]
[WhiteTeamCountry "GER"]
[BlackTeamCountry "GER"]

1. d4 Nf6 2. c4 e6 3. Nc3 Bb4 4. Nf3 0-0 5. Bg5 h6 6. Bxf6 Qxf6 7. Qb3 c5 8. Rc1 b6 9. a3 Ba5 10. e3 Nc6 11. dxc5 bxc5 12. Be2 Rb8 13. Qc2 Qg6 14. Bd3 f5 15. 0-0 Bb7 16. Rfd1 Ne5 17. Ne1 Nf3+ 18. Nxf3 Bxf3 19. Bf1 Bxd1 20. Rxd1 Rfd8 21. Na4 d6 22. Nc3 Bxc3 23. Qxc3 Qf6 24. Qa5 Qxb2 25. Qxa7 Qb7 26. Qa5 Qb6 27. Qd2 Ra8 28. Qc2 Rxa3 29. e4 Qb3 30. Qe2 Ra2 31. Qh5 Qc2 32. exf5 Qxf2+ 33. Kh1 Qxf5 34. Qh4 Rf8 35. Bd3 Qxd3 0-1

[Event "Mecklenburg VP VL 1011"]
[Site "Mecklenburg VP"]
[Date "2010.12.12"]
[Round "4.2"]
[White "Mehl, Ronald"]
[Black "Stutz, Reno"]
[Result "1/2-1/2"]
[WhiteElo "2032"]
[BlackElo "1902"]
[PlyCount "50"]
[EventDate "2010.10.10"]
[EventType "team-tourn"]
[EventRounds "9"]
[EventCountry "GER"]
[SourceTitle "EXT 2022"]
[Source "ChessBase"]
[SourceDate "2021.10.06"]
[SourceVersion "1"]
[SourceVersionDate "2021.10.06"]
[SourceQuality "1"]
[WhiteTeam "Stralsund FHSG"]
[BlackTeam "Wismar ASV Gruen-Weiss"]
[WhiteTeamCountry "GER"]
[BlackTeamCountry "GER"]

1. d4 Nf6 2. Nf3 c5 3. d5 d6 4. c4 b5 5. cxb5 a6 6. b6 Qxb6 7. Nc3 g6 8. e4 Nbd7 9. Be2 Bg7 10. 0-0 0-0 11. h3 Rb8 12. Kh1 Qb4 13. a3 Qb3 14. Qxb3 Rxb3 15. Nd2 Rb8 16. Nc4 Nb6 17. Rb1 Nxc4 18. Bxc4 Nd7 19. Bd2 Nb6 20. Bd3 f5 21. Bg5 fxe4 22. Bxe4 Rf7 23. Bd3 Bb7 24. Rbd1 c4 25. Bc2 Bxc3 1/2-1/2

[Event "Mecklenburg VP VL 1011"]
[Site "Mecklenburg VP"]
[Date "2010.10.24"]
[Round "2.2"]
[White "Mehl, Ronald"]
[Black "Schwahn, Christian"]
[Result "1-0"]
[WhiteElo "2032"]
[BlackElo "1999"]
[PlyCount "82"]
[EventDate "2010.10.10"]
[EventType "team-tourn"]
[EventRounds "9"]
[EventCountry "GER"]
[SourceTitle "EXT 2022"]
[Source "ChessBase"]
[SourceDate "2021.10.06"]
[SourceVersion "1"]
[SourceVersionDate "2021.10.06"]
[SourceQuality "1"]
[WhiteTeam "Stralsund FHSG"]
[BlackTeam "Greifswald II"]
[WhiteTeamCountry "GER"]
[BlackTeamCountry "GER"]

1. b3 e5 2. Bb2 Nc6 3. e3 Nf6 4. d4 exd4 5. exd4 Bb4+ 6. c3 Bd6 7. Bd3 0-0 8. Qf3 b6 9. Ne2 Bb7 10. Qh3 Ne7 11. Nd2 Ng6 12. 0-0 Re8 13. g3 h6 14. Rfe1 Nh7 15. Qf5 Ng5 16. h4 Ne7 17. Qg4 f5 18. Bxf5 Nxf5 19. hxg5 Qxg5 20. Qxg5 hxg5 21. c4 Bb4 22. Rad1 Bxd2 23. Rxd2 Bf3 24. Kf1 Re4 25. Rc1 Rf8 26. Ng1 Bh1 27. Ne2 Re6 28. d5 Rh6 29. Rc3 Nd6 30. Ng1 Ne4 31. Re2 Nxc3 32. Bxc3 b5 33. Re5 bxc4 34. Rxg5 Rf7 35. bxc4 Ra6 36. Nh3 Be4 37. Nf4 Rxa2 38. Bd4 Bf3 39. Re5 a5 40. Re3 Bd1 41. Nh3 Bb3 1-0